[Event "RUS-ch Blitz Women 2018"]
[Site "Sochi"]
[Date "2018.10.07"]
[Round "6"]
[White "Bodnaruk, Anastasia"]
[Black "Solozhenkina, Elizaveta"]
[Result "1/2-1/2"]
[WhiteElo "2423"]
[BlackElo "2276"]
[Annotator "TA"]
[PlyCount "61"]
[EventDate "2018.10.07"]
[EventType "swiss"]
[EventCountry "RUS"]
[SourceTitle "playchess.com"]
[Source "ChessBase"]
[SourceQuality "1"]

{[%evp 13,61,15,26,20,22,22,20,4,25,10,24,11,-15,-12,-23,0,17,12,7,15,12,9,16,-6,-13,-115,-98,-125,0,-22,-27,-301,-302,-295,-280,-309,-232,-322,0,0,0,0,0,0,0,0,0,0,0,0]} 1. e4 c6 {[%cal Bc7c6,Bc6c5][%mdl 32]} 2. d4 d5 3. e5 Bf5 4. Nf3 e6 5. Be2 c5 6. O-O Nc6 7. c3 {[%cal Bc2c3,Bc3d4,Bd4c5][%mdl 32]} Bg6 8. a3 {B12: Caro-Kann: Advance Variation} cxd4 9. cxd4 Nge7 {[%cal Bg8e7,Be7c8,Bc8b6,Bb6d7][%mdl 32]} 10. Nc3 Nc8 11. Na4 $146 ({Predecessor:} 11. Bd3 Bh5 12. Be3 Nb6 13. b3 Rc8 14. Nb1 a6 15. h3 Na5 {½-½ (50) Najer,E (2706)-Dreev,A (2647) Sochi 2017}) 11... Nb6 12. Nc5 Bxc5 13. dxc5 Nd7 14. b4 {[%cal Bb2b4,Bb4b5][%mdl 32]} a5 15. b5 Ncxe5 16. Nxe5 Nxe5 17. Bb2 f6 $1 18. f4 Nc4 19. Bxc4 (19. Bd4 $11 {remains equal.}) 19... dxc4 $17 20. Qe2 Kf7 ({Black should play} 20... Qd5 $17 {Hoping for ...Bd3.} 21. Qe3 O-O) 21. f5 $1 $11 Bxf5 {[#] White must now prevent ...Qd5.} 22. Rxf5 $4 {[%mdl 8192]} (22. Rad1 $1 $11 {and White is okay.} Bd3 23. Qh5+ Kf8 24. Qh4) 22... exf5 $19 23. Qxc4+ Kg6 24. Rf1 Qd2 25. Qe6 Qxb2 $2 {[#]} (25... Qc2 $19 26. g4 Qxc5+ 27. Kg2 Rae8 28. gxf5+ Kh5 29. Qf7+ g6 30. fxg6 Qc2+ 31. Kh1 Qe4+ 32. Kg1 Qxg6+ 33. Qxg6+ hxg6 34. Bxf6 Rhf8) 26. Qxf5+ $11 {The position is equal.} Kf7 27. Qd7+ Kg6 28. Qg4+ Kf7 29. Qd7+ Kg6 30. Qg4+ Kf7 31. Qd7+ {Precision: White = 41%, Black = 41%.} 1/2-1/2

[Event "RUS-ch Blitz Women 2018"]
[Site "Sochi"]
[Date "2018.10.07"]
[Round "6"]
[White "Shuvalova, Polina"]
[Black "Protopopova, Anastasiya"]
[Result "1-0"]
[WhiteElo "2421"]
[BlackElo "2308"]
[Annotator "TA"]
[PlyCount "112"]
[EventDate "2018.10.07"]
[EventType "swiss"]
[EventCountry "RUS"]
[SourceTitle "playchess.com"]
[Source "ChessBase"]
[SourceQuality "1"]

{[%evp 24,112,16,15,13,9,25,-4,-18,-11,0,-6,0,0,0,-74,-85,-91,-81,-141,-127,-179,-187,-252,-147,-237,-231,-207,-224,-213,-77,-68,-57,-151,-85,-94,-106,-400,-394,-400,-390,-718,-506,-506,-495,-577,-289,-339,-345,-335,-143,-225,0,-468,-461,-455,-434,-841,-535,-677,-280,-296,0,0,0,-286,0,0,179,183,214,186,434,215,442,434,1200,417,2408,175,404,387,1375,1371,790,85,5727,5381,6644,6636,29978]} 1. e4 e5 2. Nf3 Nc6 3. Bb5 a6 4. Ba4 Nf6 5. O-O Be7 6. Re1 b5 7. Bb3 O-O 8. c3 d6 9. h3 Nb8 10. d4 Nbd7 11. Nbd2 Bb7 12. a4 c5 13. d5 c4 {C95: Closed Ruy Lopez: Breyer Variation with 10 d4} 14. Bc2 Nc5 15. axb5 axb5 {The position is equal.} 16. Rxa8 Qxa8 17. b3 cxb3 18. Nxb3 Na4 $146 {[%mdl 2048] Black has the initiative.} ({Predecessor:} 18... Nxb3 19. Bxb3 Bc8 20. Bc2 Bd7 21. Bd3 Rb8 22. Qb3 Bd8 23. Be3 {½-½ (23) Luther,T (2580)-Henrichs,T (2483) Bad Koenigshofen 2007}) 19. Re3 (19. Qd3 $11 {keeps the balance.}) 19... Rc8 $17 20. Bd2 Bd8 21. Qa1 ({White should try} 21. Ne1) 21... Bb6 22. Re1 {[#]} (22. Re2 $17 {keeps fighting.}) 22... Nxc3 $1 $19 {[%mdl 512]} 23. Qb2 (23. Qxa8 $142 Bxa8 24. Bd3) (23. Bxc3 Qxa1) 23... Na4 (23... b4 $19 24. Ra1 Qb8 25. Bxc3 Rxc3) 24. Qb1 (24. Qa2 $17) 24... Qa7 25. Rf1 Ba6 26. Bd3 Nc5 (26... Nc3 $19 27. Bxc3 Rxc3) 27. Nxc5 $17 Bxc5 28. Qa2 {[#]} (28. Qb2 $15) 28... Qb6 (28... Ra8 $142 $1 29. Qc2 Qb6) 29. Ba5 Qb7 {And now ...b4 would win.} 30. Rb1 $2 {[%mdl 8192]} (30. Bd2 $17) 30... b4 $19 31. Bc2 Be2 32. Nd2 $2 (32. Qb3 Qa6 33. Bxb4 Bxb4 34. Qxb4 Rxc2 35. Ne1) 32... Ra8 33. Nb3 Bc4 34. Qa4 Qa7 35. Nxc5 dxc5 ({Inferior is} 35... Qxa5 36. Qxa5 Rxa5 37. Nb7 $16 (37. Rxb4 Rb5 $14)) 36. Ra1 Ne8 (36... Qb7 $19 {is more deadly. aiming for ...Ra6.} 37. Kh2 Ne8) 37. Qc6 (37. Bb6 $17 Qxa4 38. Rxa4 Rxa4 39. Bxa4) 37... b3 $2 ({Better is} 37... Rb8 $19 38. d6 Be6) 38. Bd1 $2 {[%mdl 8192]} (38. Bc3 $11 {and White is okay.} bxc2 39. Rxa7 c1=Q+ 40. Kh2 Qf4+ 41. Kh1) 38... b2 39. Rb1 Qxa5 40. Bc2 (40. Rxb2 $142 Bd3 41. Bc2) 40... Qa6 41. Qxc5 Nd6 (41... Rb8 $142 {Hoping for ...Ba2.} 42. d6 Nxd6 43. Qxe5 Qb6) 42. Rxb2 Qa1+ $2 ({Black should play} 42... Bb5 $19 43. Kh2 Rc8) 43. Rb1 $11 Qa6 {Threatens to win with ...Bb5.} 44. Kh2 $2 {[%mdl 8192]} (44. Rb6 $11 Qa1+ 45. Kh2) 44... h6 $2 (44... Bb5 $19 45. Qe3 Rc8) 45. Rb6 Qa7 $2 (45... Qa2 $11 46. Bb1 Rc8 47. Qxd6 Qxf2) 46. Qxd6 $18 Be2 47. Bb3 Re8 $2 (47... Rc8 {was worth a try.} 48. Rc6 Re8) 48. f3 (48. Qc5 $142) 48... Bd3 $2 (48... Kh7 {was called for.} 49. Qc6 Rd8) 49. Qc5 Qa1 (49... Rd8 $142 50. d6 Kh7) 50. Rc6 (50. d6 $142 Qa7 51. Qd5) 50... Qe1 (50... Qd4 $142 51. Qxd4 exd4) 51. Qc1 $2 (51. d6 {Threatening mate with Bxf7+!} Rd8 52. Qxe5) 51... Qh4 $2 (51... Qxc1 {might work better.} 52. Rxc1 Kf8) 52. Rc8 Rxc8 $2 (52... Bb5 53. d6 Kh7) 53. Qxc8+ Kh7 54. Qg4 $2 (54. Qf5+ $18 Kh8 55. Qxf7) 54... Qe7 $2 {[%mdl 8192]} (54... Qxg4 $16 55. hxg4 Bb5) 55. Qf5+ g6 {[#]} 56. d6 $1 {[%mdl 512]} Qb7 {Precision: White = 21%, Black = 25%.} (56... Qxd6 57. Qxf7+) 1-0

[Event "RUS-ch Blitz Women 2018"]
[Site "Sochi"]
[Date "2018.10.07"]
[Round "6"]
[White "Ambartsumova, Karina"]
[Black "Vasilevich, Tatjana"]
[Result "1-0"]
[WhiteElo "2379"]
[BlackElo "2360"]
[Annotator "NA"]
[PlyCount "77"]
[EventDate "2018.10.07"]
[EventType "swiss"]
[EventCountry "RUS"]
[SourceTitle "playchess.com"]
[Source "ChessBase"]
[SourceQuality "1"]
[TimeControl "180+2"]

1. e4 {[%emt 0:00:00]} c5 {[%emt 0:00:00]} 2. Nf3 {[%emt 0:00:00]} e6 {[%emt 0:00:00]} 3. d4 {[%emt 0:00:02]} cxd4 {[%emt 0:00:00]} 4. Nxd4 {[%emt 0:00:01]} Nc6 {[%emt 0:00:01]} 5. Nc3 {[%emt 0:00:02]} Qc7 {[%emt 0:00:01]} 6. Be2 {[%emt 0:00:04]} a6 {[%emt 0:00:00]} 7. O-O {[%emt 0:00:05]} Nf6 {[%emt 0:00:01]} 8. Be3 {[%emt 0:00:02]} Bb4 {[%emt 0:00:01]} 9. Nxc6 {[%emt 0:00:06]} bxc6 {[%emt 0:00:02]} 10. f4 {[%emt 0:00:02]} Bxc3 {[%emt 0:00:15]} 11. bxc3 {[%emt 0:00:00]} Nxe4 {[%emt 0:00:01]} 12. Qd4 {[%emt 0:00:15]} Nf6 {[%emt 0:00:04]} 13. f5 {[%emt 0:00:01]} e5 {[%emt 0:00:18]} 14. Qh4 {[%emt 0:00:01]} d6 {[%emt 0:00:15]} 15. Bg5 {[%emt 0:00:12]} Nd5 {[%emt 0:00:07]} 16. f6 {[%emt 0:00:50]} g6 {[%emt 0:00:33]} 17. c4 {[%emt 0:00:12]} Qa7+ {[%emt 0:00:10]} 18. Kh1 {[%emt 0:00:07]} Ne3 {[%emt 0:00:05]} 19. Rfc1 {[%emt 0:00:23]} h6 {[%emt 0:00:21]} 20. Bxe3 {[%emt 0:00:17]} Qxe3 {[%emt 0:00:01]} 21. Bf3 {[%emt 0:00:02]} Bd7 {[%emt 0:00:11]} 22. Rd1 {[%emt 0:00:05]} Qc5 {[%emt 0:00:06]} 23. Rab1 {[%emt 0:00:06]} g5 {[%emt 0:00:17]} 24. Qe4 {[%emt 0:00:06]} O-O {[%emt 0:00:14]} 25. Rb3 {[%emt 0:00:21]} Be6 {[%emt 0:00:05]} 26. Be2 {[%emt 0:00:06]} Rab8 {[%emt 0:00:09]} 27. h4 {[%emt 0:00:04]} Rxb3 {[%emt 0:00:06]} 28. cxb3 {[%emt 0:00:01]} Qf2 {[%emt 0:00:04]} 29. Rxd6 {[%emt 0:00:19]} Qe1+ {[%emt 0:00:09]} 30. Kh2 {[%emt 0:00:01]} g4 {[%emt 0:00:04]} 31. Rd3 {[%emt 0:00:01]} Qxh4+ {[%emt 0:00:02]} 32. Kg1 {[%emt 0:00:01]} Qe1+ {[%emt 0:00:02]} 33. Kh2 {[%emt 0:00:00]} Qh4+ {[%emt 0:00:01]} 34. Kg1 {[%emt 0:00:01]} Qxf6 {[%emt 0:00:05]} 35. Bxg4 {[%emt 0:00:03]} Kh8 {[%emt 0:00:04]} 36. Rf3 {[%emt 0:00:03]} Qg7 {[%emt 0:00:09]} 37. Bxe6 {[%emt 0:00:01]} Rg8 {[%emt 0:00:03]} 38. Rxf7 {[%emt 0:00:03]} Qg5 {[%emt 0:00:03]} 39. Qh7# {[%emt 0:00:01]} 1-0

[Event "RUS-ch Blitz Women 2018"]
[Site "Sochi"]
[Date "2018.10.07"]
[Round "6"]
[White "Voit, Daria"]
[Black "Baraeva, Marina"]
[Result "1-0"]
[WhiteElo "2352"]
[BlackElo "2227"]
[Annotator "NA"]
[PlyCount "97"]
[EventDate "2018.10.07"]
[EventType "swiss"]
[EventCountry "RUS"]
[SourceTitle "playchess.com"]
[Source "ChessBase"]
[SourceQuality "1"]
[TimeControl "180+2"]

1. d4 {[%emt 0:00:00]} d5 {[%emt 0:00:00]} 2. c4 {[%emt 0:00:00]} c6 {[%emt 0:00:00]} 3. Nc3 {[%emt 0:00:03]} Nf6 {[%emt 0:00:01]} 4. e3 {[%emt 0:00:01]} g6 {[%emt 0:00:04]} 5. Nf3 {[%emt 0:00:02]} Bg7 {[%emt 0:00:01]} 6. Bd3 {[%emt 0:00:02]} O-O {[%emt 0:00:03]} 7. O-O {[%emt 0:00:01]} dxc4 {[%emt 0:00:01]} 8. Bxc4 {[%emt 0:00:02]} Bg4 {[%emt 0:00:08]} 9. h3 {[%emt 0:00:01]} Bxf3 {[%emt 0:00:01]} 10. Qxf3 {[%emt 0:00:01]} Nbd7 {[%emt 0:00:02]} 11. Rd1 {[%emt 0:00:04]} Qc7 {[%emt 0:00:01]} 12. Bd2 {[%emt 0:00:12]} e5 {[%emt 0:00:02]} 13. d5 {[%emt 0:00:04]} Nb6 {[%emt 0:00:13]} 14. Bb3 {[%emt 0:00:30]} cxd5 {[%emt 0:00:02]} 15. Nxd5 {[%emt 0:00:06]} Nfxd5 {[%emt 0:00:06]} 16. Bxd5 {[%emt 0:00:01]} Nxd5 {[%emt 0:00:01]} 17. Qxd5 {[%emt 0:00:02]} Rfd8 {[%emt 0:00:02]} 18. Qb3 {[%emt 0:00:02]} e4 {[%emt 0:00:04]} 19. Bb4 {[%emt 0:00:05]} Rxd1+ {[%emt 0:00:12]} 20. Rxd1 {[%emt 0:00:02]} Rd8 {[%emt 0:00:01]} 21. Rxd8+ {[%emt 0:00:33]} Qxd8 {[%emt 0:00:01]} 22. Qc2 {[%emt 0:00:01]} b6 {[%emt 0:01:19]} 23. b3 {[%emt 0:00:02]} Qe8 {[%emt 0:00:05]} 24. Qc7 {[%emt 0:00:06]} Qa8 {[%emt 0:00:06]} 25. g3 {[%emt 0:00:15]} h5 {[%emt 0:00:02]} 26. Kg2 {[%emt 0:00:03]} Bf6 {[%emt 0:00:19]} 27. Bd6 {[%emt 0:00:14]} Kg7 {[%emt 0:00:05]} 28. Bb4 {[%emt 0:00:24]} Bd8 {[%emt 0:00:11]} 29. Qd6 {[%emt 0:00:26]} Bf6 {[%emt 0:00:03]} 30. a4 {[%emt 0:00:02]} Qb7 {[%emt 0:00:06]} 31. Qf8+ {[%emt 0:00:03]} Kh7 {[%emt 0:00:01]} 32. Qd6 {[%emt 0:00:08]} Kg7 {[%emt 0:00:03]} 33. Ba3 {[%emt 0:00:01]} Qc8 {[%emt 0:00:07]} 34. Qd5 {[%emt 0:00:12]} Qe8 {[%emt 0:00:02]} 35. Qb7 {[%emt 0:00:07]} Qe6 {[%emt 0:00:01]} 36. Qxa7 {[%emt 0:00:07]} Qxb3 {[%emt 0:00:02]} 37. Bd6 {[%emt 0:00:03]} Qd1 {[%emt 0:00:14]} 38. Qxb6 {[%emt 0:00:02]} Qf3+ {[%emt 0:00:02]} 39. Kg1 {[%emt 0:00:01]} Qd1+ {[%emt 0:00:01]} 40. Kh2 {[%emt 0:00:01]} Qe2 {[%emt 0:00:08]} 41. Bf8+ {[%emt 0:00:01]} Kxf8 {[%emt 0:00:05]} 42. Qxf6 {[%emt 0:00:01]} Qc2 {[%emt 0:00:08]} 43. a5 {[%emt 0:00:04]} Qa2 {[%emt 0:00:04]} 44. a6 {[%emt 0:00:01]} Kg8 {[%emt 0:00:01]} 45. Kg2 {[%emt 0:00:02]} Kf8 {[%emt 0:00:02]} 46. Qd6+ {[%emt 0:00:07]} Kg8 {[%emt 0:00:02]} 47. Qb8+ {[%emt 0:00:01]} Kg7 {[%emt 0:00:00]} 48. a7 {[%emt 0:00:01]} Qe2 {[%emt 0:00:06]} 49. Qe5+ {[%emt 0:00:01]} 1-0

[Event "RUS-ch Blitz Women 2018"]
[Site "Sochi"]
[Date "2018.10.07"]
[Round "6"]
[White "Kovanova, Baira"]
[Black "Markelova, Lubov"]
[Result "1-0"]
[WhiteElo "2350"]
[BlackElo "2190"]
[Annotator "NA"]
[PlyCount "85"]
[EventDate "2018.10.07"]
[EventType "swiss"]
[EventCountry "RUS"]
[SourceTitle "playchess.com"]
[Source "ChessBase"]
[SourceQuality "1"]
[TimeControl "180+2"]

1. c4 {[%emt 0:00:00]} c6 {[%emt 0:00:00]} 2. Nc3 {[%emt 0:00:00]} d5 {[%emt 0:00:01]} 3. e3 {[%emt 0:00:01]} Nf6 {[%emt 0:00:03]} 4. Nf3 {[%emt 0:00:01]} e6 {[%emt 0:00:05]} 5. b3 {[%emt 0:00:02]} Be7 {[%emt 0:00:03]} 6. Be2 {[%emt 0:00:01]} O-O {[%emt 0:00:03]} 7. Bb2 {[%emt 0:00:02]} c5 {[%emt 0:00:04]} 8. cxd5 {[%emt 0:00:29]} exd5 {[%emt 0:00:02]} 9. d4 {[%emt 0:00:01]} Nc6 {[%emt 0:00:11]} 10. dxc5 {[%emt 0:00:17]} Bxc5 {[%emt 0:00:01]} 11. O-O {[%emt 0:00:02]} Bg4 {[%emt 0:00:03]} 12. h3 {[%emt 0:00:04]} Bh5 {[%emt 0:00:19]} 13. Rc1 {[%emt 0:00:06]} Bd6 {[%emt 0:00:30]} 14. Nb5 {[%emt 0:00:18]} Bb8 {[%emt 0:00:23]} 15. Bxf6 {[%emt 0:00:23]} Qxf6 {[%emt 0:00:08]} 16. Qxd5 {[%emt 0:00:01]} Bg6 {[%emt 0:00:11]} 17. Nfd4 {[%emt 0:00:07]} Nxd4 {[%emt 0:00:09]} 18. Nxd4 {[%emt 0:00:22]} Be5 {[%emt 0:00:07]} 19. Nf3 {[%emt 0:00:08]} Bb2 {[%emt 0:00:23]} 20. Rc7 {[%emt 0:00:01]} b6 {[%emt 0:00:06]} 21. Rd7 {[%emt 0:00:18]} Bf5 {[%emt 0:00:12]} 22. Rd6 {[%emt 0:00:02]} Be6 {[%emt 0:00:03]} 23. Qg5 {[%emt 0:00:10]} Rfd8 {[%emt 0:00:14]} 24. Qxf6 {[%emt 0:00:05]} Bxf6 {[%emt 0:00:02]} 25. Rxd8+ {[%emt 0:00:16]} Rxd8 {[%emt 0:00:01]} 26. Rc1 {[%emt 0:00:02]} Bd5 {[%emt 0:00:19]} 27. Nd4 {[%emt 0:00:15]} Be4 {[%emt 0:00:03]} 28. f3 {[%emt 0:00:05]} Bxd4 {[%emt 0:00:05]} 29. exd4 {[%emt 0:00:03]} Bg6 {[%emt 0:00:03]} 30. Rc7 {[%emt 0:00:07]} Bb1 {[%emt 0:00:03]} 31. Rxa7 {[%emt 0:00:03]} h6 {[%emt 0:00:02]} 32. Bc4 {[%emt 0:00:01]} Rxd4 {[%emt 0:00:02]} 33. Bxf7+ {[%emt 0:00:02]} Kf8 {[%emt 0:00:01]} 34. Bc4 {[%emt 0:00:01]} Rd2 {[%emt 0:00:02]} 35. Rf7+ {[%emt 0:00:03]} Ke8 {[%emt 0:00:01]} 36. Rxg7 {[%emt 0:00:01]} Bxa2 {[%emt 0:00:02]} 37. Rg6 {[%emt 0:00:01]} Rd1+ {[%emt 0:00:03]} 38. Kh2 {[%emt 0:00:01]} Rb1 {[%emt 0:00:03]} 39. Rxb6 {[%emt 0:00:01]} h5 {[%emt 0:00:01]} 40. Rh6 {[%emt 0:00:02]} Bxb3 41. Bxb3 {[%emt 0:00:01]} Rxb3 {[%emt 0:00:02]} 42. Rxh5 {[%emt 0:00:00]} Kf7 {[%emt 0:00:02]} 43. Ra5 {[%emt 0:00:01]} 1-0

[Event "RUS-ch Blitz Women 2018"]
[Site "Sochi"]
[Date "2018.10.07"]
[Round "6"]
[White "Maltsevskaya, Aleksandra"]
[Black "Lysenko, Margarita"]
[Result "0-1"]
[WhiteElo "2290"]
[BlackElo "2210"]
[Annotator "NA"]
[PlyCount "112"]
[EventDate "2018.10.07"]
[EventType "swiss"]
[EventCountry "RUS"]
[SourceTitle "playchess.com"]
[Source "ChessBase"]
[SourceQuality "1"]
[TimeControl "180+2"]

1. c4 {[%emt 0:00:00]} e5 {[%emt 0:00:08]} 2. Nc3 {[%emt 0:00:02]} Nc6 {[%emt 0:00:08]} 3. g3 {[%emt 0:00:02]} g6 {[%emt 0:00:04]} 4. Bg2 {[%emt 0:00:01]} Bg7 {[%emt 0:00:01]} 5. e4 {[%emt 0:00:04]} Nge7 {[%emt 0:00:02]} 6. Nge2 {[%emt 0:00:02]} O-O {[%emt 0:00:02]} 7. d3 {[%emt 0:00:01]} a6 {[%emt 0:00:10]} 8. O-O {[%emt 0:00:19]} Rb8 {[%emt 0:00:00]} 9. c5 {[%emt 0:00:04]} d6 {[%emt 0:00:09]} 10. cxd6 {[%emt 0:00:03]} Qxd6 {[%emt 0:00:01]} 11. a4 {[%emt 0:00:22]} Be6 {[%emt 0:00:07]} 12. b3 {[%emt 0:00:33]} Rfd8 {[%emt 0:00:03]} 13. Ba3 {[%emt 0:00:22]} Qxd3 {[%emt 0:00:53]} 14. Qc1 {[%emt 0:00:06]} Qd7 {[%emt 0:00:05]} 15. Nd5 {[%emt 0:00:17]} Nxd5 {[%emt 0:00:10]} 16. exd5 {[%emt 0:00:03]} Bxd5 {[%emt 0:00:01]} 17. Rd1 {[%emt 0:00:01]} Qe6 {[%emt 0:00:01]} 18. Qe3 {[%emt 0:00:18]} Bxb3 {[%emt 0:00:15]} 19. Rxd8+ {[%emt 0:00:04]} Rxd8 {[%emt 0:00:02]} 20. h4 {[%emt 0:00:07]} Bd5 {[%emt 0:00:07]} 21. Bf1 {[%emt 0:00:05]} Nd4 {[%emt 0:00:06]} 22. Nxd4 {[%emt 0:00:07]} exd4 {[%emt 0:00:02]} 23. Qxe6 {[%emt 0:00:03]} fxe6 {[%emt 0:00:08]} 24. Rc1 {[%emt 0:00:04]} Rd7 {[%emt 0:00:08]} 25. a5 {[%emt 0:00:04]} Kf7 {[%emt 0:00:11]} 26. Bc5 {[%emt 0:00:06]} e5 {[%emt 0:00:19]} 27. Rd1 {[%emt 0:00:04]} Be6 {[%emt 0:00:07]} 28. Bg2 {[%emt 0:00:05]} c6 {[%emt 0:00:01]} 29. Bf1 {[%emt 0:00:10]} h5 {[%emt 0:00:03]} 30. Bd3 {[%emt 0:00:03]} Bd5 {[%emt 0:00:04]} 31. Re1 {[%emt 0:00:02]} Bf6 {[%emt 0:00:07]} 32. Kh2 {[%emt 0:00:12]} Be6 {[%emt 0:00:01]} 33. f4 {[%emt 0:00:02]} exf4 {[%emt 0:00:05]} 34. gxf4 {[%emt 0:00:01]} Bf5 {[%emt 0:00:04]} 35. Bc4+ {[%emt 0:00:01]} Kg7 {[%emt 0:00:01]} 36. Re8 {[%emt 0:00:01]} d3 {[%emt 0:00:07]} 37. Bf8+ {[%emt 0:00:07]} Kh7 {[%emt 0:00:04]} 38. Bb4 {[%emt 0:00:03]} d2 {[%emt 0:00:02]} 39. Bg8+ {[%emt 0:00:03]} Kg7 {[%emt 0:00:01]} 40. Bb3 {[%emt 0:00:03]} d1=Q {[%emt 0:00:05]} 41. Bxd1 {[%emt 0:00:02]} Rxd1 {[%emt 0:00:01]} 42. Rb8 {[%emt 0:00:01]} Rd7 {[%emt 0:00:02]} 43. Bf8+ {[%emt 0:00:02]} Kf7 {[%emt 0:00:01]} 44. Bc5 {[%emt 0:00:00]} Be7 {[%emt 0:00:01]} 45. Bd4 {[%emt 0:00:02]} Bd6 {[%emt 0:00:02]} 46. Rh8 {[%emt 0:00:02]} Bxf4+ {[%emt 0:00:01]} 47. Kg2 {[%emt 0:00:00]} Rxd4 {[%emt 0:00:01]} 48. Rh7+ {[%emt 0:00:02]} Kf6 {[%emt 0:00:01]} 49. Rxb7 {[%emt 0:00:01]} Be4+ {[%emt 0:00:01]} 50. Kf2 {[%emt 0:00:01]} Rd2+ {[%emt 0:00:01]} 51. Ke1 {[%emt 0:00:01]} Ra2 {[%emt 0:00:02]} 52. Rb4 {[%emt 0:00:06]} Kf5 {[%emt 0:00:03]} 53. Rb7 {[%emt 0:00:02]} Be3 {[%emt 0:00:03]} 54. Rf7+ {[%emt 0:00:02]} Kg4 {[%emt 0:00:04]} 55. Re7 {[%emt 0:00:01]} Kf3 {[%emt 0:00:02]} 56. Rf7+ {[%emt 0:00:02]} Bf4 {[%emt 0:00:01]} 0-1

[Event "RUS-ch Blitz Women 2018"]
[Site "Sochi"]
[Date "2018.10.07"]
[Round "6"]
[White "Styazhkina, Anna"]
[Black "Maletina, Tatiana"]
[Result "0-1"]
[WhiteElo "2268"]
[BlackElo "2270"]
[Annotator "NA"]
[PlyCount "84"]
[EventDate "2018.10.07"]
[EventType "swiss"]
[EventCountry "RUS"]
[SourceTitle "playchess.com"]
[Source "ChessBase"]
[SourceQuality "1"]
[TimeControl "180+2"]

1. e4 {[%emt 0:00:00]} e6 {[%emt 0:00:00]} 2. Nf3 {[%emt 0:00:06]} d5 {[%emt 0:00:00]} 3. Nc3 {[%emt 0:00:01]} Nf6 {[%emt 0:00:01]} 4. e5 {[%emt 0:00:02]} Nfd7 {[%emt 0:00:01]} 5. Ne2 {[%emt 0:00:02]} c5 {[%emt 0:00:04]} 6. c3 {[%emt 0:00:01]} Nc6 {[%emt 0:00:05]} 7. d4 {[%emt 0:00:05]} Qb6 {[%emt 0:00:10]} 8. a3 {[%emt 0:00:06]} c4 {[%emt 0:00:09]} 9. Nf4 {[%emt 0:00:09]} Na5 {[%emt 0:00:01]} 10. h4 {[%emt 0:00:23]} Qc7 {[%emt 0:00:03]} 11. Be2 {[%emt 0:00:32]} Nb6 {[%emt 0:00:01]} 12. Nd2 {[%emt 0:00:26]} Bd7 {[%emt 0:00:04]} 13. a4 {[%emt 0:00:01]} O-O-O {[%emt 0:00:19]} 14. O-O {[%emt 0:00:18]} f6 {[%emt 0:00:05]} 15. Bg4 {[%emt 0:00:16]} f5 {[%emt 0:00:28]} 16. Be2 {[%emt 0:00:15]} Be7 {[%emt 0:00:01]} 17. h5 {[%emt 0:00:01]} Rdg8 {[%emt 0:00:11]} 18. b4 {[%emt 0:00:09]} cxb3 {[%emt 0:00:01]} 19. Nxb3 {[%emt 0:00:01]} Nbc4 {[%emt 0:00:02]} 20. Nxa5 {[%emt 0:00:08]} Nxa5 {[%emt 0:00:02]} 21. Bb5 {[%emt 0:00:06]} g5 {[%emt 0:00:07]} 22. Nd3 {[%emt 0:00:08]} Kb8 {[%emt 0:00:18]} 23. Rb1 {[%emt 0:00:03]} Bxb5 {[%emt 0:00:11]} 24. axb5 {[%emt 0:00:06]} Nc4 {[%emt 0:00:05]} 25. Nb4 {[%emt 0:00:05]} g4 {[%emt 0:00:28]} 26. Qa4 {[%emt 0:00:02]} Bxb4 {[%emt 0:00:07]} 27. Rxb4 {[%emt 0:00:06]} g3 {[%emt 0:00:09]} 28. f3 {[%emt 0:00:09]} Rc8 {[%emt 0:00:07]} 29. Bf4 {[%emt 0:00:04]} Rhg8 {[%emt 0:00:01]} 30. Ra1 {[%emt 0:00:02]} b6 {[%emt 0:00:02]} 31. Qc2 {[%emt 0:00:03]} Qf7 {[%emt 0:00:05]} 32. Rba4 {[%emt 0:00:03]} Rc7 {[%emt 0:00:00]} 33. Qa2 {[%emt 0:00:02]} Qxh5 {[%emt 0:00:09]} 34. Bxg3 {[%emt 0:00:01]} Qf7 {[%emt 0:00:10]} 35. Bf2 {[%emt 0:00:03]} f4 {[%emt 0:00:03]} 36. Qc2 {[%emt 0:00:03]} Qg7 {[%emt 0:00:03]} 37. Bh4 {[%emt 0:00:03]} Ne3 {[%emt 0:00:03]} 38. Qe2 {[%emt 0:00:02]} Qxg2+ {[%emt 0:00:03]} 39. Qxg2 {[%emt 0:00:01]} Rxg2+ {[%emt 0:00:01]} 40. Kh1 {[%emt 0:00:01]} Rcg7 {[%emt 0:00:06]} 41. Bf6 {[%emt 0:00:01]} R7g6 {[%emt 0:00:02]} 42. Bd8 {[%emt 0:00:04]} Rh6+ {[%emt 0:00:01]} 0-1

[Event "RUS-ch Blitz Women 2018"]
[Site "Sochi"]
[Date "2018.10.07"]
[Round "6"]
[White "Nebolsina, Vera"]
[Black "Charochkina, Daria"]
[Result "0-1"]
[WhiteElo "2220"]
[BlackElo "2344"]
[Annotator "NA"]
[PlyCount "64"]
[EventDate "2018.10.07"]
[EventType "swiss"]
[EventCountry "RUS"]
[SourceTitle "playchess.com"]
[Source "ChessBase"]
[SourceQuality "1"]
[TimeControl "180+2"]

1. Nf3 {[%emt 0:00:00]} d5 {[%emt 0:00:00]} 2. g3 {[%emt 0:00:00]} Bg4 {[%emt 0:00:01]} 3. Bg2 {[%emt 0:00:01]} Nd7 {[%emt 0:00:00]} 4. d4 {[%emt 0:00:06]} Ngf6 {[%emt 0:00:03]} 5. O-O {[%emt 0:00:06]} e6 {[%emt 0:00:03]} 6. b3 {[%emt 0:00:02]} Bd6 {[%emt 0:00:11]} 7. Bb2 {[%emt 0:00:02]} O-O {[%emt 0:00:02]} 8. c4 {[%emt 0:00:06]} c6 {[%emt 0:00:04]} 9. Nbd2 {[%emt 0:00:06]} a5 {[%emt 0:00:03]} 10. a3 {[%emt 0:00:03]} Qe7 {[%emt 0:00:04]} 11. Re1 {[%emt 0:00:05]} h6 {[%emt 0:00:14]} 12. Ne5 {[%emt 0:00:33]} Bh5 {[%emt 0:00:05]} 13. Qc2 {[%emt 0:00:06]} Rfe8 {[%emt 0:00:20]} 14. e4 {[%emt 0:00:10]} dxe4 {[%emt 0:00:17]} 15. Nxe4 {[%emt 0:00:08]} Bxe5 {[%emt 0:00:08]} 16. dxe5 {[%emt 0:00:06]} Nxe4 {[%emt 0:00:01]} 17. Qxe4 {[%emt 0:00:09]} Nc5 {[%emt 0:00:02]} 18. Qe3 {[%emt 0:00:02]} Rad8 {[%emt 0:00:19]} 19. Be4 {[%emt 0:00:18]} Nxe4 {[%emt 0:00:10]} 20. Qxe4 {[%emt 0:00:02]} Bg6 {[%emt 0:00:13]} 21. Qe2 {[%emt 0:00:08]} Rd3 {[%emt 0:00:01]} 22. Red1 {[%emt 0:00:10]} Rxb3 {[%emt 0:00:05]} 23. Rd6 {[%emt 0:00:02]} Qg5 {[%emt 0:00:13]} 24. Bd4 {[%emt 0:00:25]} Bd3 {[%emt 0:00:21]} 25. Qd1 {[%emt 0:00:08]} Bxc4 {[%emt 0:00:02]} 26. Rc1 {[%emt 0:00:02]} Rd3 {[%emt 0:00:06]} 27. Qc2 {[%emt 0:00:10]} Ba6 {[%emt 0:00:06]} 28. Be3 {[%emt 0:00:06]} Qf5 {[%emt 0:00:05]} 29. Qb2 {[%emt 0:00:10]} Qe4 {[%emt 0:00:04]} 30. Rd1 {[%emt 0:00:05]} Rxd1+ {[%emt 0:00:03]} 31. Rxd1 {[%emt 0:00:01]} Qf3 {[%emt 0:00:06]} 32. Qc2 {[%emt 0:00:08]} Bc4 {[%emt 0:00:03]} 0-1